| 000 | 00341nam a22001217a 4500 | ||
|---|---|---|---|
| 999 |
_c9723 _d9723 |
||
| 003 | OSt | ||
| 008 | 201203b ||||| |||| 00| 0 eng d | ||
| 245 | _aPramana Journal Of Physics | ||
| 250 | _a2011(Jul Vol.77 No.1, Aug Vol.77 No.2, Sep Vol.77 No.3) | ||
| 260 |
_aBengaluru, Karnataka _bSpringer |
||
| 650 | _aApplied Science | ||
| 942 |
_2ddc _cBV |
||